000
00353nam a2200157Ia 4500
008
100204s9999 xx 000 0 und d
082
_b
29086
100
_a
ROBERTS NORA
245
_a
VALLEY OF SILENCE
250
_a
0
260
_b
PPLATKUS
_c
2006
300
_a
342
630
_a
VALLEY OF SILENCE
730
_a
VALLEY OF SILENCE
942
_c
BOOK
999
_c
474295
_d
474292